000 00278nam a22001217a 4500
008 171003b xxu||||| |||| 00| 0 eng d
041 _aeng
080 _a159.9
100 _a48
101 _aPSI
245 _aPSYCHOANALYTIC THEORIES OF PERSONALITY
_cBLUM,G.S
942 _2udc
_cBK
999 _c31405
_d31405